| 000 | 00408nam a22001697a 4500 | ||
|---|---|---|---|
| 005 | 20160620150420.0 | ||
| 008 | 160620b xxu||||| |||| 00| 0 eng d | ||
| 020 | _a0-07-451-626-4 | ||
| 041 | _aeng | ||
| 082 | _b8575 | ||
| 100 |
_achakarborty. S.K. _92333 |
||
| 245 | _aManagerial Effectiveness and qualityof Worklife | ||
| 260 |
_bTNH _c2002 |
||
| 300 | _a230 | ||
| 650 |
_aManagement _9241 |
||
| 942 | _cBK | ||
| 999 |
_c3299 _d3298 |
||